Normal view
MARC view
- Gandhi, mohandas karam chand .
Entry Personal Name
001 - CONTROL NUMBER
- control field: 3141
003 - CONTROL NUMBER IDENTIFIER
- control field: OSt
005 - DATE AND TIME OF LATEST TRANSACTION
- control field: 20180604141721.0
008 - FIXED-LENGTH DATA ELEMENTS
- fixed length control field: 180604|| aca||aabn | a|a d
040 ## - CATALOGING SOURCE
- Original cataloging agency: OSt
- Transcribing agency: OSt
100 ## - HEADING--PERSONAL NAME
- Personal name: Gandhi, mohandas karam chand .
670 ## - SOURCE DATA FOUND
- Source citation: Work cat.: (OSt): Gandhi, mohandas karam chand ., An autobiography mahathma gandhi /, 2016 .
